Frontiers in pluripotent stem cells research and therapeutic potentials (Record no. 190948)
[ view plain ]
| 000 -LEADER | |
|---|---|
| fixed length control field | 01216nam a2200289 a 4500 |
| 245 00 - TITLE STATEMENT | |
| Title | Frontiers in pluripotent stem cells research and therapeutic potentials |
| 250 ## - EDITION STATEMENT | |
| Edition statement | 1st ed. |
| 260 ## - PUBLICATION, DISTRIBUTION, ETC. (IMPRINT) | |
| Place of publication | Dubai, United Arab Emirates : |
| Name of publisher | Bentham Science, |
| Year of publication | [2012?] |
| 300 ## - PHYSICAL DESCRIPTION | |
| Number of Pages | ix, 237 p. : |
| Other physical details | ill. (some col.) |
| 650 #0 - SUBJECT ADDED ENTRY--TOPICAL TERM | |
| Topical Term | Stem cells |
| Topical Term | Multipotent stem cells |
| 700 1# - ADDED ENTRY--PERSONAL NAME | |
| Personal name | Sidhu, Kuldip S. |
| 856 40 - ELECTRONIC LOCATION AND ACCESS | |
| Uniform Resource Identifier | http://site.ebrary.com/lib/rucke/Doc?id=10558876 |
No items available.
